| 000 | 01093cam a2200265 i 4500 | ||
|---|---|---|---|
| 001 | 008829401 | ||
| 003 | EG-ScBUE | ||
| 005 | 20230605095631.0 | ||
| 008 | 930329s2011 ua a f 000 0 ara d | ||
| 040 |
_aEG-ScBUE _bara _erda _cEG-ScBUE _dEG-ScBUE |
||
| 043 | _af-ua--- | ||
| 082 | 0 | 4 |
_a726.20962 _222 _bم س ا |
| 110 | 1 |
_aمصر. _bوزارة الاوقاف _933167 |
|
| 245 | 1 | 4 |
_aمساجد مصر : _bمجموعة من المناظر الملونة وغير الملونة لأهم المساجد في مصر مع نبذة تاريخية لكل منها مصحوبة بمساقط وقطاعات هندسية / _cوزارة الاوقاف. |
| 264 | 1 |
_aالقاهرة : _bوزارة الأوقاف، _c2011. |
|
| 300 |
_a2 مجلد : _bإيضاحيات ؛ _c46 سم |
||
| 336 |
_2rdacontent _aنص _btxt |
||
| 337 |
_2rdamedia _aبدون وسيط _bn |
||
| 338 |
_2rdacarrier _aمجلد _bnc |
||
| 505 | 0 | _aالمجلد الأول -- المجلد الثاني. | |
| 650 | 7 |
_aالمساجد _zمصر. _2BUEsh _923007 |
|
| 653 | 1 | _cMay2013 | |
| 655 | _vReading book | ||
| 942 |
_2ddc _cREFERENCE |
||
| 999 |
_c17456 _d17428 |
||